|
|
|
|
| LEADER |
02903nam a2200721 4500 |
| 001 |
ocn761697306 |
| 003 |
OCoLC |
| 005 |
20170124070637.5 |
| 006 |
m o d |
| 007 |
cr unu|||||||| |
| 008 |
111121s2011 njua ob 001 0 eng d |
| 040 |
|
|
|a UMI
|b eng
|e pn
|c UMI
|d E7B
|d CDX
|d COO
|d OCLCQ
|d REDDC
|d OCLCQ
|d DEBSZ
|d UIU
|d DG1
|d OCLCF
|d IDEBK
|d OCLCQ
|d AZK
|d GrThAP
|
| 019 |
|
|
|a 772397550
|a 816878869
|a 961535960
|a 962593833
|
| 020 |
|
|
|a 9781118531877
|q (electronic bk.)
|
| 020 |
|
|
|a 1118531876
|q (electronic bk.)
|
| 020 |
|
|
|a 9781576603727
|
| 020 |
|
|
|a 1576603725
|
| 020 |
|
|
|a 9780470878798
|
| 020 |
|
|
|a 0470878797
|
| 020 |
|
|
|z 1576603725
|
| 029 |
1 |
|
|a AU@
|b 000050511451
|
| 029 |
1 |
|
|a CHBIS
|b 009914499
|
| 029 |
1 |
|
|a CHNEW
|b 000623534
|
| 029 |
1 |
|
|a CHVBK
|b 199574170
|
| 029 |
1 |
|
|a DEBSZ
|b 367965623
|
| 029 |
1 |
|
|a DKDLA
|b 820120-katalog:000600078
|
| 029 |
1 |
|
|a NZ1
|b 14976100
|
| 029 |
1 |
|
|a DEBBG
|b BV043393760
|
| 035 |
|
|
|a (OCoLC)761697306
|z (OCoLC)772397550
|z (OCoLC)816878869
|z (OCoLC)961535960
|z (OCoLC)962593833
|
| 037 |
|
|
|a CL0500000118
|b Safari Books Online
|
| 050 |
|
4 |
|a HG4515.3
|
| 082 |
0 |
4 |
|a 332.63/2042
|2 22
|
| 049 |
|
|
|a MAIN
|
| 100 |
1 |
|
|a Coles, Andrew.
|
| 245 |
1 |
0 |
|a MIDAS technical analysis :
|b a VWAP approach to trading and investing in today's markets /
|c Andrew Coles and David G. Hawkins.
|
| 246 |
3 |
0 |
|a VWAP approach to trading and investing in today's markets
|
| 246 |
3 |
|
|a Market interpretation/data analysis system technical analysis
|
| 246 |
3 |
|
|a Value weighted average price approach to trading and investing in today's markets
|
| 264 |
|
1 |
|a Hoboken, N.J. :
|b Bloomberg Press,
|c [2011]
|
| 264 |
|
4 |
|c ©2011
|
| 300 |
|
|
|a 1 online resource (xxi, 440 pages) :
|b illustrations.
|
| 336 |
|
|
|a text
|b txt
|2 rdacontent
|
| 337 |
|
|
|a computer
|b c
|2 rdamedia
|
| 338 |
|
|
|a online resource
|b cr
|2 rdacarrier
|
| 347 |
|
|
|a data file
|2 rda
|
| 380 |
|
|
|a Bibliography
|
| 490 |
1 |
|
|a [Bloomberg financial series]
|
| 504 |
|
|
|a Includes bibliographical references (pages 417-432) and index.
|
| 588 |
0 |
|
|a Print version record.
|
| 650 |
|
0 |
|a Investments
|x Mathematics.
|
| 650 |
|
0 |
|a Technical analysis (Investment analysis)
|
| 650 |
|
4 |
|a Investments
|x Mathematics.
|
| 650 |
|
4 |
|a Technical analysis (Investment analysis)
|
| 650 |
|
7 |
|a Investments
|x Mathematics.
|2 fast
|0 (OCoLC)fst00978278
|
| 650 |
|
7 |
|a Technical analysis (Investment analysis)
|2 fast
|0 (OCoLC)fst01747072
|
| 650 |
|
7 |
|a Investments / Mathematics.
|2 local
|
| 650 |
|
7 |
|a Technical analysis (Investment analysis)
|2 local
|
| 655 |
|
4 |
|a Electronic books.
|
| 700 |
1 |
|
|a Hawkins, David
|q (David G.)
|
| 776 |
0 |
8 |
|i Print version:
|a Coles, Andrew.
|t Midas technical analysis.
|d Hoboken, N.J. : John Wiley, ©2011
|z 9781576603727
|w (DLC) 2010047237
|w (OCoLC)676726367
|
| 830 |
|
0 |
|a Bloomberg financial series.
|
| 856 |
4 |
0 |
|u https://doi.org/10.1002/9781118531877
|z Full Text via HEAL-Link
|
| 994 |
|
|
|a 92
|b DG1
|